000 00747cam a2200241 4500
008 090401t1996 xxu||||| |||| 00| 0 eng d
020 _a0863421679
035 _a(Sirsi) u13316
041 _aeng
050 _a711.1
100 _aBird, Ashley
245 _aAuditing environmental impact statements using information held in public registers of environmental information.
260 _aOxford
_bOxford Brookes University
_c1996
300 _aii,71p. : ill.,maps ; 30 cm.
350 _a5.5
490 _aWorking Paper
_v165
650 _aENVIRONMENT IMPACT ASSESSMENT
650 _aENVIRONMENTAL IMPACT STATEMENTS
650 _aPOLLUTION CONTROL
690 _aENVIRONMENTAL AND LAND CONSULTANCY
942 _n0
948 _c04/03/1997
999 _c87083
_d87083